El burrito cienciano : (Record no. 22204)

000 -CABECERA
fixed length control field 01170nam a22002537a 4500
003 - IDENTIFICADOR DEL NÚMERO DE CONTROL
control field AR-CdUCM
008 - DATOS DE LONGITUD FIJA--INFORMACIÓN GENERAL
fixed length control field 190425b ||||| |||| 00| 0 spa d
040 ## - FUENTE DE LA CATALOGACIÓN
Agencia/entidad que catalogó originalmente la obra MUNICIPALIDAD PROVINCIAL DEL CUSCO
Entidad que transcribió la catalogación BIBLIOTECA MUNICIPAL DEL CUSCO
082 ## - NÚMERO DE LA CLASIFICACIÓN DECIMAL DEWEY
No. de Clasificación Burrito/N°60/2014
245 ## - MENCIÓN DE TÍTULO
Título El burrito cienciano :
Resto del título publicación a nivel nacional /
Mención de responsabilidad Hugo Chacón Núñez, Director y fundador
260 ## - PUBLICACIÓN, DISTRIBUCIÓN, ETC.
Lugar de publicación, distribución, etc. Cusco.
-- Lima.
Nombre de la editorial, distribuidor, etc. ESCOMES,
Fecha de publicación, distribución, etc. 2014.
300 ## - DESCRIPCIÓN FÍSICA
Nº de Páginas Extensión 42 páginas. :
Otros detalles físicos ilustraciones ;
Dimensiones 29 cm.
440 ## - MENCIÓN DE SERIE/PUNTO DE ACCESO ADICIONAL--TÍTULO
Título El Burrito Cienciano.
Número de la parte/sección de una obra N°60, julio-agosto 2014.
9 (RLIN) 47638
505 ## - NOTA DE CONTENIDO CON FORMATO
Nota de contenido formateada Contenido: Homenaje al Cusco eterno discurso del Dr. Manuel Jesús Aparicio. -- Ingeniería peruana llega al espacio. -- Día del idioma quechua Qosqo el idioma quechua. -- Héroe teniente EP Eduardo Astete Mendoza. -- Dr. Julio Miranda Bernal. -- Calles del sector sur oriental del norte a sur.
650 ## - PUNTO DE ACCESO ADICIONAL DE MATERIA--TÉRMINO DE MATERIA
Descriptor Sociedad cusqueña
9 (RLIN) 47493
650 ## - PUNTO DE ACCESO ADICIONAL DE MATERIA--TÉRMINO DE MATERIA
Descriptor Colegios del Cusco
9 (RLIN) 24467
650 ## - PUNTO DE ACCESO ADICIONAL DE MATERIA--TÉRMINO DE MATERIA
Descriptor Colegio Ciencias
9 (RLIN) 47633
650 ## - PUNTO DE ACCESO ADICIONAL DE MATERIA--TÉRMINO DE MATERIA
Descriptor Siglo XX
9 (RLIN) 47561
700 ## - PUNTO DE ACCESO ADICIONAL--NOMBRE DE PERSONA
Nombre Personal Marín, Lida
9 (RLIN) 47628
700 ## - PUNTO DE ACCESO ADICIONAL--NOMBRE DE PERSONA
Nombre Personal Chacón Málaga, Hugo
9 (RLIN) 47630
700 ## - PUNTO DE ACCESO ADICIONAL--NOMBRE DE PERSONA
Nombre Personal Carreño, Ángel
9 (RLIN) 27901
942 ## - ELEMENTOS DE PUNTO DE ACCESO ADICIONAL (KOHA)
Fuente de clasificación
Tipo de item Revistas cusqueñas
945 ## - PROCESAMIENTO DE INFORMACIÓN LOCAL (OCLC)
Catalogador rac
Holdings
Estado de retiro (separado) Fuente de clasificación o esquema de estanterías Estado dañado Ubicación Sala donde se ubica Nombre de la colección Fecha de adquisición o compra Costo, precio normal en soles Signatura topográfica Código de Barras Última vez visto (Koha) Tipo de ítem (Koha)
No     Sala Hemeroteca Sala Hemeroteca Book Cart 2022-03-22 5.00 Burrito/N°60/2014 REVC000839 2022-03-22 Revistas cusqueñas

Powered by Koha